Sports Quiz

Random Sports or NHL Quiz

NHL 300 Goals Before 30 Quiz Stats

 Plays Quiz Updated Jan 26, 2017

Challenge
Share
Tweet
Embed
Score 0/74 Timer 10:00
3 Plays Today
Age Hit 300 Player % Correct
22-321Wayne Gretzky
97.1%
25-200Alexander Ovechkin
83.3%
23-179Mario Lemieux
80.7%
27-247Brett Hull
77.2%
27-013Bobby Hull
77.2%
27-311Gordie Howe
75%
26-059Jaromir Jagr
74%
27-057Mark Messier
73%
25-176Steve Yzerman
67.8%
28-239Teemu Selanne
63.7%
27-169Joe Sakic
61.7%
25-060Mike Bossy
58.4%
25-322Jari Kurri
57.9%
29-159Jarome Iginla
57.4%
29-298Phil Esposito
54.7%
28-297Pavel Bure
54.3%
28-261Mike Modano
53.5%
28-263Eric Lindros
52.8%
28-263Mats Sundin
50.8%
26-013Steven Stamkos
50.6%
26-182Guy Lafleur
50.3%
27-163Marcel Dionne
47.1%
26-265Luc Robitaille
46.1%
27-309Brendan Shanahan
45.6%
26-185Bryan Trottier
44.7%
26-176Ilya Kovalchuk
44.5%
28-154Paul Kariya
43.2%
27-282Jeremy Roenick
43%
29-335Ron Francis
41.5%
28-314Vincent Lecavalier
41.3%
29-218Paul Coffey
41%
27-091Mike Gartner
40.4%
28-271Alexander Mogilny
40.2%
29-314Mark Recchi
39.4%
26-320Pat Lafontaine
39.2%
29-219Stan Mikita
38.9%
26-177Glenn Anderson
38.7%
Age Hit 300 Player % Correct
24-308Dale Hawerchuk
37.5%
28-283Rick Nash
35%
28-108Dave Andreychuk
34.3%
28-219Theoren Fleury
33.8%
28-151Cam Neely
33.6%
28-213Keith Tkachuk
33.5%
27-048Denis Savard
32.4%
28-173Joe Nieuwendyk
31.7%
28-049Dino Ciccarelli
30.8%
26-131Pierre Turgeon
29.6%
29-306Marian Gaborik
28.4%
28-143Gilbert Perreault
27.3%
29-110Darryl Sittler
26.2%
28-346Lanny McDonald
26.1%
25-292Michel Goulet
25%
27-281Bernie Nicholls
24.1%
28-133Steve Shutt
21.5%
28-269Pat Verbeek
19.5%
28-126Bill Barber
19.2%
29-112Steve Larmer
19%
27-094Rick Martin
19%
26-165Brian Bellows
19%
29-324Reggie Leach
18.3%
29-020Vincent Damphousse
17.8%
29-231Brent Sutter
16.7%
28-322Tim Kerr
16.5%
27-284Rick Vaive
14.5%
28-259Brian Propp
14.4%
29-092Rick Middleton
13.7%
27-295Stephane Richer
13.4%
28-360Dennis Maruk
11.7%
29-285Danny Gare
8.6%
28-062Pierre Larouche
8.3%
29-217John Ogrodnick
8%
29-008Garry Unger
6.2%
28-263Mike Bullard
5.1%
28-133Wilf Paiement
3.7%

You're not logged in!

Compare scores with friends on all Sporcle quizzes.
Join for Free
OR
Log In

You Might Also Like...

Show Comments

Extras

Top Quizzes Today


Score Distribution

Your Account Isn't Verified!

In order to create a playlist on Sporcle, you need to verify the email address you used during registration. Go to your Sporcle Settings to finish the process.

Report this User

Report this user for behavior that violates our Community Guidelines.

Details: